[Event "Junior Online 4NCL Division 4"]
[Site "online"]
[Date "2021.08.19"]
[EventDate "2021.08.19"]
[Round "1.34"]
[White "Szajman, Benjamin"]
[WhiteElo "870"]
[WhiteTeam "Edgware Gambits H"]
[Black "Marks, Rory"]
[BlackElo "1059"]
[BlackTeam "Muswell Hill Knights"]
[Result "0-1"]
[PlyCount "74"]

1. e4 e5 2. Nf3 Nc6 3. Nc3 Nf6 4. Bb5 Bd6 5. Bxc6 dxc6 6. O-O Bc5 7. d4 exd4 8. Nxd4 Bxd4 9. Bg5 O-O 10. Ne2 Bxb2 11. Qxd8 Rxd8 12. Rad1 Rxd1 13. Rxd1 Bg4 14. Bxf6 Bxf6 15. f3 Be6 16. f4 Bxa2 17. e5 Be7 18. Ra1 Bc4 19. Ra4 Bxe2 20. Re4 Bg4 21. Re3 Bc5 22. Kf2 Bxe3+ 23. Kxe3 Rd8 24. Ke4 a5 25. Ke3 a4 26. Kf2 Rd2+ 27. Ke1 Rd1+ 28. Kf2 a3 29. Kg3 h5 30. h3 Be6 31. f5 Bxf5 32. Kf4 Rf1+ 33. Kg5 f6+ 34. Kxh5 a2 35. Kh4 a1=Q 36. Kg3 Qe1+ 37. Kh2 Rh1# 0-1

[Event "Junior Online 4NCL Division 4"]
[Site "online"]
[Date "2021.08.19"]
[EventDate "2021.08.19"]
[Round "1.35"]
[White "Lewis, Tom"]
[WhiteElo "900"]
[WhiteTeam "Edgware Gambits H"]
[Black "Qiu, Calvin"]
[BlackElo "1228"]
[BlackTeam "Muswell Hill Knights"]
[Result "1-0"]
[PlyCount "65"]

1. e4 e6 2. Nf3 d5 3. exd5 exd5 4. Qe2+ Be7 5. Nc3 Nf6 6. d4 Nc6 7. Bf4 O-O 8. O-O-O Re8 9. Ne5 Nxe5 10. dxe5 Bd6 11. Nxd5 Nxd5 12. Rxd5 c6 13. Rxd6 Qxd6 14. exd6 Rxe2 15. Bxe2 Be6 16. Rd1 Bxa2 17. d7 Rd8 18. Bc7 Be6 19. Bxd8 Bxd7 20. Rxd7 f6 21. Bc4+ Kf8 22. Be7+ Ke8 23. Rxb7 g5 24. Bd6 f5 25. Rb8+ Kd7 26. Be5 h5 27. Rb7+ Kc8 28. Rc7+ Kd8 29. Rxa7 f4 30. Bd6 Kc8 31. Be6+ Kd8 32. Rf7 Ke8 33. Rf8# 1-0

[Event "Junior Online 4NCL Division 4"]
[Site "online"]
[Date "2021.08.19"]
[EventDate "2021.08.19"]
[Round "1.36"]
[White "Shetty, Ahan"]
[WhiteElo "1116"]
[WhiteTeam "Muswell Hill Knights"]
[Black "Kaul-Green, Axel"]
[BlackElo "800"]
[BlackTeam "Edgware Gambits H"]
[Result "0-1"]
[PlyCount "64"]

1. d4 d5 2. c4 dxc4 3. Nf3 Be6 4. e3 b6 5. Ng5 c5 6. Nxe6 fxe6 7. Bxc4 cxd4 8. Bxe6 dxe3 9. Qxd8+ Kxd8 10. Bxe3 Nc6 11. Bd5 Rc8 12. Bxc6 Rxc6 13. O-O e5 14. Nc3 Bd6 15. Rad1 Kd7 16. f4 exf4 17. Bxf4 Nf6 18. Nb5 Ne4 19. Bxd6 Nxd6 20. Nxa7 Rc2 21. Rf7+ Ke6 22. Rxg7 Rxb2 23. Rb7 Rg8 24. Rxh7 Rbxg2+ 25. Kh1 Ne4 26. Re1 Kd5 27. Rh5+ Kd6 28. Nb5+ Kc6 29. Nd4+ Kb7 30. Rh7+ Kc8 31. Rf1 Nf2+ 32. Rxf2 Rg1# 0-1

[Event "Junior Online 4NCL Division 4"]
[Site "online"]
[Date "2021.08.19"]
[EventDate "2021.08.19"]
[Round "1.37"]
[White "Magnus, Michael"]
[WhiteElo "800"]
[WhiteTeam "Edgware Gambits H"]
[Black "Crichton, Finlay"]
[BlackElo "1012"]
[BlackTeam "Muswell Hill Knights"]
[Result "0-1"]
[PlyCount "32"]

1. e4 e5 2. Nf3 Nc6 3. Bb5 Nf6 4. Bxc6 dxc6 5. O-O Bd6 6. Nc3 O-O 7. d3 Bg4 8. Bg5 h6 9. Bxf6 Qxf6 10. h3 Bh5 11. b3 Bxf3 12. gxf3 Qg6+ 13. Kh1 Qh5 14. f4 Qxh3+ 15. Kg1 exf4 16. Re1 f3 0-1

[Event "Junior Online 4NCL Division 4"]
[Site "online"]
[Date "2021.08.19"]
[EventDate "2021.08.19"]
[Round "1.38"]
[White "Marks, Rory"]
[WhiteElo "1059"]
[WhiteTeam "Muswell Hill Knights"]
[Black "Szajman, Benjamin"]
[BlackElo "870"]
[BlackTeam "Edgware Gambits H"]
[Result "1-0"]
[PlyCount "85"]

1. e4 e5 2. Nf3 Nc6 3. d4 Nf6 4. dxe5 Nxe5 5. Nxe5 Bb4+ 6. c3 Bd6 7. Nc4 Bf4 8. Bxf4 Nxe4 9. Qe2 d5 10. f3 dxc4 11. Qxe4+ Qe7 12. Qxe7+ Kxe7 13. Bxc7 Bf5 14. Bxc4 Bxb1 15. Rxb1 Rac8 16. O-O Rxc7 17. Rbe1+ Kf6 18. Bd5 Rd7 19. Be4 Re7 20. Re2 Ke5 21. Bxb7+ Kf6 22. Rxe7 Kxe7 23. Rd1 Rd8 24. Rxd8 Kxd8 25. Kf2 Kc7 26. Be4 g6 27. Ke3 f5 28. Bd3 Kd6 29. Kd4 h5 30. c4 g5 31. c5+ Ke6 32. Bc4+ Kf6 33. Kd5 g4 34. fxg4 fxg4 35. Kd6 h4 36. c6 h3 37. gxh3 gxh3 38. c7 Kg5 39. c8=Q Kf4 40. Qf8+ Ke3 41. Qf5 Kd2 42. Qd3+ Ke1 43. Qe2# 1-0

[Event "Junior Online 4NCL Division 4"]
[Site "online"]
[Date "2021.08.19"]
[EventDate "2021.08.19"]
[Round "1.41"]
[White "Carter, Olvier"]
[WhiteElo "951"]
[WhiteTeam "Surrey Kings 3"]
[Black "Quillaud, Maxime"]
[BlackElo "1420"]
[BlackTeam "Desert Penguins Jupiter"]
[Result "0-1"]
[PlyCount "48"]

1. e4 c5 2. Nf3 d6 3. Bb5+ Bd7 4. Bxd7+ Qxd7 5. Nc3 e6 6. e5 d5 7. d4 Nc6 8. dxc5 Bxc5 9. O-O O-O-O 10. Bg5 f6 11. Bf4 h5 12. exf6 Nxf6 13. Bg5 Rdg8 14. Re1 Ng4 15. Bh4 Re8 16. h3 Nf6 17. Ne5 Nxe5 18. Rxe5 Bd6 19. Re3 d4 20. Qxd4 Bh2+ 21. Kxh2 Qxd4 22. Rd1 Qxh4 23. g3 Ng4+ 24. Kg2 Nxe3+ 0-1

[Event "Junior Online 4NCL Division 4"]
[Site "online"]
[Date "2021.08.19"]
[EventDate "2021.08.19"]
[Round "1.42"]
[White "Tengayev, Arman"]
[WhiteElo "1314"]
[WhiteTeam "Desert Penguins Jupiter"]
[Black "Oâ€™Sullivan, Jack"]
[BlackElo "978"]
[BlackTeam "Surrey Kings 3"]
[Result "0-1"]
[PlyCount "116"]

1. d4 d5 2. c4 e6 3. Nc3 Be7 4. Nf3 Nf6 5. Bf4 Bd7 6. e3 O-O 7. cxd5 exd5 8. Bd3 c5 9. dxc5 Bxc5 10. O-O Bg4 11. Qe2 Re8 12. Qd1 a6 13. h3 Bxf3 14. Qxf3 d4 15. exd4 Bxd4 16. Bc2 Nc6 17. Rad1 Qb6 18. Bb3 Ne5 19. Bxe5 Rxe5 20. Rfe1 Rxe1+ 21. Rxe1 Nh5 22. Qxf7+ Kh8 23. Rf1 Nf6 24. Qe6 Qxe6 25. Bxe6 g6 26. Rd1 Re8 27. Rxd4 Rxe6 28. Rd8+ Kg7 29. Nd5 Re1+ 30. Kh2 Rd1 31. Rd6 Rxd5 32. Rxd5 Nxd5 33. g4 Nb4 34. a3 Nd3 35. Kg3 Nxb2 36. f4 b5 37. f5 gxf5 38. gxf5 Kf6 39. Kf4 Nd3+ 40. Ke4 Nf2+ 41. Kf4 Nxh3+ 42. Kg4 Ng5 43. Kf4 a5 44. Ke3 Kxf5 45. Kd3 Ne6 46. Kc3 Nc5 47. Kb2 b4 48. axb4 axb4 49. Kc2 b3+ 50. Kb2 h5 51. Kc3 h4 52. Kc4 b2 53. Kxc5 b1=Q 54. Kd6 h3 55. Ke7 h2 56. Kf8 h1=Q 57. Kg8 Qb8+ 58. Kf7 Qhb7# 0-1

[Event "Junior Online 4NCL Division 4"]
[Site "online"]
[Date "2021.08.19"]
[EventDate "2021.08.19"]
[Round "1.43"]
[White "Cole, Ted"]
[WhiteElo "850"]
[WhiteTeam "Surrey Kings 3"]
[Black "Dane, James"]
[BlackElo "1248"]
[BlackTeam "Desert Penguins Jupiter"]
[Result "0-1"]
[PlyCount "122"]

1. d4 d5 2. f3 e6 3. Nc3 Nf6 4. Bg5 Be7 5. Bxf6 Bxf6 6. Nh3 O-O 7. Nf4 Nd7 8. e3 b6 9. Bb5 Bb7 10. Bd3 Rc8 11. Qe2 c5 12. dxc5 bxc5 13. g4 c4 14. Bxh7+ Kxh7 15. Nb5 a6 16. Nd6 Rb8 17. O-O-O Ne5 18. Nxb7 Rxb7 19. e4 Qb6 20. exd5 exd5 21. Nxd5 Qxb2+ 22. Kd2 Qxa2 23. Nxf6+ gxf6 24. Qe4+ Kg8 25. Qxb7 Qa5+ 26. c3 Rd8+ 27. Kc2 Qa2+ 28. Qb2 Qa4+ 29. Kb1 Rxd1+ 30. Rxd1 Qxd1+ 31. Ka2 Qa4+ 32. Qa3 Qxa3+ 33. Kxa3 Nxf3 34. h3 Kg7 35. Kb4 Ne5 36. Ka5 Kg6 37. Kxa6 Kg5 38. Kb5 Kh4 39. Kc5 Kxh3 40. g5 fxg5 41. Kd5 g4 42. Kxe5 g3 43. Kd4 g2 44. Kxc4 g1=Q 45. Kb3 Qb6+ 46. Kc4 Qc6+ 47. Kb3 f5 48. Kc2 f4 49. Kd3 f3 50. Kd2 f2 51. Ke2 Qxc3 52. Kxf2 Qe5 53. Kf3 Kh4 54. Kf2 Qe4 55. Kf1 Qe3 56. Kg2 Qf4 57. Kg1 Qf3 58. Kh2 Kg4 59. Kg1 Qe2 60. Kh1 Kg3 61. Kg1 Qg2# 0-1

[Event "Junior Online 4NCL Division 4"]
[Site "online"]
[Date "2021.08.19"]
[EventDate "2021.08.19"]
[Round "1.44"]
[White "Cleanis, Theo"]
[WhiteElo "1151"]
[WhiteTeam "Desert Penguins Jupiter"]
[Black "Fairrie, Ralph"]
[BlackElo "895"]
[BlackTeam "Surrey Kings 3"]
[Result "1-0"]
[PlyCount "47"]

1. d4 d5 2. c4 dxc4 3. e3 Bf5 4. Bxc4 Nc6 5. Nf3 e6 6. O-O Bd6 7. Nc3 Qg5 8. Nxg5 h6 9. Nf3 Bg4 10. h3 Bxf3 11. Qxf3 g5 12. Nb5 a6 13. Nxd6+ cxd6 14. Bd2 Nf6 15. Qxf6 Rh7 16. Bd3 b5 17. Bxh7 g4 18. hxg4 Kd7 19. Qxf7+ Ne7 20. e4 Rc8 21. Rac1 Rh8 22. Bxh6 Kd8 23. Bf8 Nc6 24. Rxc6 1-0

[Event "Junior Online 4NCL Division 4"]
[Site "online"]
[Date "2021.08.19"]
[EventDate "2021.08.19"]
[Round "1.45"]
[White "Quillaud, Maxime"]
[WhiteElo "1420"]
[WhiteTeam "Desert Penguins Jupiter"]
[Black "Carter, Olvier"]
[BlackElo "951"]
[BlackTeam "Surrey Kings 3"]
[Result "1-0"]
[PlyCount "49"]

1. d4 d5 2. c4 dxc4 3. e3 Nc6 4. Bxc4 e6 5. Nf3 Bb4+ 6. Bd2 Nf6 7. Bxb4 Nxb4 8. Qa4+ b5 9. Bxb5+ Bd7 10. Bxd7+ Qxd7 11. Qxb4 Nd5 12. Qd2 Rb8 13. O-O O-O 14. Nc3 Nxc3 15. bxc3 Rb7 16. Rab1 Rfb8 17. Rxb7 Rxb7 18. Ne5 Qe7 19. c4 g6 20. c5 Kg7 21. Qc3 Kg8 22. f3 Kg7 23. d5 exd5 24. Ng4+ Kf8 25. Qh8# 1-0

[Event "Junior Online 4NCL Division 4"]
[Site "online"]
[Date "2021.08.19"]
[EventDate "2021.08.19"]
[Round "1.46"]
[White "Oâ€™Sullivan, Jack"]
[WhiteElo "978"]
[WhiteTeam "Surrey Kings 3"]
[Black "Tengayev, Arman"]
[BlackElo "1314"]
[BlackTeam "Desert Penguins Jupiter"]
[Result "0-1"]
[PlyCount "94"]

1. e4 c5 2. Nf3 d6 3. d4 cxd4 4. Nxd4 Nf6 5. Nc3 e6 6. Bg5 Be7 7. Bd3 O-O 8. Qf3 a6 9. O-O-O Nbd7 10. h4 Qc7 11. g4 Ne5 12. Qg3 Nexg4 13. Bxf6 Nxf6 14. f4 Nh5 15. Qg2 Bf6 16. f5 Bxd4 17. Be2 Bxc3 18. Bxh5 Bf6 19. c3 exf5 20. exf5 Bxf5 21. Rhg1 Bg6 22. Rdf1 Qc5 23. Bxg6 fxg6 24. Rh1 Qe3+ 25. Kc2 Rae8 26. Qxb7 Qe2+ 27. Kb3 Qb5+ 28. Qxb5 axb5 29. Re1 Rxe1 30. Rxe1 Bxh4 31. Re6 Bg3 32. c4 bxc4+ 33. Kxc4 Rc8+ 34. Kd5 Be5 35. b3 Kf7 36. Rxd6 Bxd6 37. a4 Bb4 38. Ke5 h5 39. Kf4 Rh8 40. Ke4 h4 41. Kd4 h3 42. Kc4 h2 43. Kxb4 h1=Q 44. a5 Qe4+ 45. Kb5 Qd5+ 46. Ka6 Qc6+ 47. Ka7 Ra8# 0-1

[Event "Junior Online 4NCL Division 4"]
[Site "online"]
[Date "2021.08.19"]
[EventDate "2021.08.19"]
[Round "1.47"]
[White "Dane, James"]
[WhiteElo "1248"]
[WhiteTeam "Desert Penguins Jupiter"]
[Black "Cole, Ted"]
[BlackElo "850"]
[BlackTeam "Surrey Kings 3"]
[Result "0-1"]
[PlyCount "58"]

1. d4 e6 2. c4 Nc6 3. Nc3 Bb4 4. Bd2 Bxc3 5. Bxc3 Nf6 6. e3 Ne4 7. Bd3 Nxc3 8. bxc3 d5 9. cxd5 exd5 10. Nf3 O-O 11. O-O Bg4 12. Be2 b5 13. h3 Bxf3 14. Bxf3 b4 15. cxb4 Nxb4 16. Qb3 Rb8 17. Qd1 c6 18. Rc1 Nxa2 19. Rxc6 Rb4 20. Ra6 Nc3 21. Qd2 Qc8 22. Rc1 Qxa6 23. Qxc3 Rc4 24. Qe1 Rxc1 25. Qxc1 Rc8 26. Qe1 Qd6 27. Qa1 h6 28. Qxa7 Rc1+ 29. Bd1 Rxd1# 0-1

[Event "Junior Online 4NCL Division 4"]
[Site "online"]
[Date "2021.08.19"]
[EventDate "2021.08.19"]
[Round "1.48"]
[White "Fairrie, Ralph"]
[WhiteElo "895"]
[WhiteTeam "Surrey Kings 3"]
[Black "Cleanis, Theo"]
[BlackElo "1151"]
[BlackTeam "Desert Penguins Jupiter"]
[Result "0-1"]
[PlyCount "78"]

1. e4 c5 2. Bc4 d6 3. Qh5 e6 4. f4 Nf6 5. f5 Nxh5 6. fxe6 Bxe6 7. Bxe6 fxe6 8. d3 Nc6 9. h4 Be7 10. c3 Bxh4+ 11. g3 Bxg3+ 12. Ke2 Nf4+ 13. Kd1 Nxd3 14. Be3 Bf2 15. Nh3 Bxe3 16. Ng1 Nf2+ 17. Ke2 Nxh1 18. Kxe3 Qg5+ 19. Ke2 Qxg1 20. a4 Rf8 21. b3 Rf2+ 22. Kd3 Qg3+ 23. Kc4 Na5+ 24. Kb5 Qxc3 25. Nxc3 Nxb3 26. Rb1 Nd4+ 27. Kc4 Ng3 28. Rh1 Nxh1 29. Nb5 Ng3 30. Nc7+ Kd7 31. Nxa8 Nxe4 32. Kd3 d5 33. Ke3 h5 34. Kd3 h4 35. Ke3 h3 36. Kd3 h2 37. Ke3 h1=Q 38. Nb6+ axb6 39. a5 Qf3# 0-1

[Event "Junior Online 4NCL Division 4"]
[Site "online"]
[Date "2021.08.19"]
[EventDate "2021.08.19"]
[Round "1.51"]
[White "Lynn, Angelo"]
[WhiteElo "900"]
[WhiteTeam "Lenzie Dementors"]
[Black "Coppell, Gracie"]
[BlackElo "935"]
[BlackTeam "Brentwood School C"]
[Result "1-0"]
[PlyCount "83"]

1. e4 e5 2. Nf3 Nc6 3. d4 exd4 4. Nxd4 Nxd4 5. Qxd4 c5 6. Qa4 Nf6 7. Nc3 Bd6 8. Bg5 h6 9. Bh4 O-O 10. Bd3 Re8 11. O-O b6 12. Rfe1 Bb7 13. Rad1 g5 14. Bg3 Bxg3 15. hxg3 Bc6 16. Bb5 Bxb5 17. Qxb5 Qe7 18. Nd5 Nxd5 19. Rxd5 Qe6 20. Qxd7 Qxd7 21. Rxd7 f5 22. f3 g4 23. Kf2 fxe4 24. Rxe4 Rxe4 25. fxe4 Rf8+ 26. Ke2 Re8 27. Ke3 Kf8 28. Rxa7 Rb8 29. Rh7 b5 30. Rh8+ Ke7 31. Rxb8 Kd6 32. Rb6+ Ke5 33. Rxb5 Kd6 34. a4 Kc6 35. c4 Kd6 36. a5 Kc6 37. a6 Kc7 38. a7 Kc6 39. a8=Q+ Kd6 40. Qa6+ Kc7 41. Rb7+ Kc8 42. Qa8# 1-0

[Event "Junior Online 4NCL Division 4"]
[Site "online"]
[Date "2021.08.19"]
[EventDate "2021.08.19"]
[Round "1.52"]
[White "Jassar, Ryan"]
[WhiteElo "800"]
[WhiteTeam "Brentwood School C"]
[Black "Tsagkarakis, Georgios"]
[BlackElo "975"]
[BlackTeam "Lenzie Dementors"]
[Result "0-1"]
[PlyCount "50"]

1. Nf3 Nc6 2. Nc3 e5 3. d3 h6 4. Qd2 Bc5 5. Ne4 Bb6 6. d4 Bxd4 7. Nxd4 Nxd4 8. c3 Nc6 9. e3 f5 10. Ng3 d6 11. e4 f4 12. Nf5 Bxf5 13. exf5 Qd7 14. Bd3 Nge7 15. f6 gxf6 16. O-O a6 17. Be2 h5 18. Qd1 Qf5 19. g4 Rg8 20. h3 O-O-O 21. Kh1 hxg4 22. Bxg4 Rxg4 23. hxg4 Rh8+ 24. Kg1 Qh7 25. Qf3 Qh2# 0-1

[Event "Junior Online 4NCL Division 4"]
[Site "online"]
[Date "2021.08.19"]
[EventDate "2021.08.19"]
[Round "1.54"]
[White "Wagner, Jacob"]
[WhiteElo "750"]
[WhiteTeam "Brentwood School C"]
[Black "Arya, Aadit"]
[BlackElo "622"]
[BlackTeam "Lenzie Dementors"]
[Result "0-1"]
[PlyCount "62"]

1. e4 e5 2. Qf3 Nc6 3. Nh3 Bc5 4. Bc4 Nf6 5. O-O Nd4 6. Qd3 b5 7. Bb3 Bb7 8. c3 Bxe4 9. Qxe4 Nxe4 10. cxd4 Bxd4 11. d3 Nc5 12. Bg5 Qb8 13. g4 Qb7 14. Nc3 h6 15. Bd5 c6 16. Be4 hxg5 17. Nxg5 Ke7 18. Rae1 f6 19. Nf3 Nxe4 20. Rxe4 c5 21. Nxd4 cxd4 22. Ne2 Rh4 23. Kg2 f5 24. gxf5 Kf6 25. Kg3 Rf4 26. Nxd4 Rxe4 27. dxe4 exd4 28. Re1 Qb8+ 29. Kg4 g5 30. f4 Qxf4+ 31. Kh5 Qh4# 0-1

[Event "Junior Online 4NCL Division 4"]
[Site "online"]
[Date "2021.08.19"]
[EventDate "2021.08.19"]
[Round "1.55"]
[White "Coppell, Gracie"]
[WhiteElo "935"]
[WhiteTeam "Brentwood School C"]
[Black "Lynn, Angelo"]
[BlackElo "900"]
[BlackTeam "Lenzie Dementors"]
[Result "0-1"]
[PlyCount "50"]

1. d4 d5 2. c4 e6 3. e3 Nf6 4. Nc3 Be7 5. Nf3 O-O 6. Bd3 b6 7. O-O Bb7 8. Ne5 Nbd7 9. Nxd7 Qxd7 10. Re1 c5 11. dxc5 bxc5 12. f3 Rfd8 13. Bd2 dxc4 14. Bxh7+ Nxh7 15. Re2 Ng5 16. Rf2 Bf6 17. e4 Bxc3 18. bxc3 Rab8 19. h4 Nh7 20. Qe1 Ba6 21. Rd1 Qa4 22. Re2 Rb2 23. Kf1 Rxa2 24. Rb1 Qc2 25. Rb8 Rxb8 0-1

[Event "Junior Online 4NCL Division 4"]
[Site "online"]
[Date "2021.08.19"]
[EventDate "2021.08.19"]
[Round "1.71"]
[White "Nikolov, Alexander"]
[WhiteElo "1396"]
[WhiteTeam "Desert Penguins Neptune"]
[Black "Moiseev, Mikhail"]
[BlackElo "1070"]
[BlackTeam "Chess Challengers F"]
[Result "1-0"]
[PlyCount "41"]

1. d4 d5 2. c4 dxc4 3. Nc3 Nf6 4. Bg5 e6 5. e4 Bb4 6. e5 Bxc3+ 7. bxc3 h6 8. exf6 hxg5 9. fxg7 Rh7 10. g8=Q+ Ke7 11. Qxh7 Nc6 12. Bxc4 Na5 13. Bd3 Bd7 14. Qf3 Qe8 15. Bg6 Qf8 16. Qhxf7+ Qxf7 17. Qxf7+ Kd6 18. Nf3 Be8 19. Qf8+ Kd7 20. Ne5+ Kd8 21. Qxe8# 1-0

[Event "Junior Online 4NCL Division 4"]
[Site "online"]
[Date "2021.08.19"]
[EventDate "2021.08.19"]
[Round "1.72"]
[White "Rapally, Meenakshi"]
[WhiteElo "1080"]
[WhiteTeam "Chess Challengers F"]
[Black "Donati Plutino, Francesco Rodolfo"]
[BlackElo "1074"]
[BlackTeam "Desert Penguins Neptune"]
[Result "0-1"]
[PlyCount "72"]

1. e3 c5 2. Nf3 d6 3. Nc3 e6 4. d4 cxd4 5. exd4 Nc6 6. Be2 Nf6 7. O-O Be7 8. d5 exd5 9. Nxd5 Nxd5 10. Qxd5 Be6 11. Qd1 O-O 12. Be3 Qd7 13. Re1 Bf6 14. c3 b6 15. Nd4 Nxd4 16. cxd4 Rac8 17. Qd2 Rc7 18. Rac1 Rfc8 19. b3 Bd5 20. Ba6 Bb7 21. Be2 a6 22. h3 b5 23. Bg4 Qd8 24. Bxc8 Qxc8 25. Re2 Be4 26. f3 Bg6 27. Bf4 Rc6 28. Rce1 h6 29. Re8+ Qxe8 30. Rxe8+ Kh7 31. d5 Rc2 32. Qd1 Rxa2 33. Re1 Rc2 34. Re2 Rc3 35. Qd2 Rxb3 36. Re1 Bc3 0-1

[Event "Junior Online 4NCL Division 4"]
[Site "online"]
[Date "2021.08.19"]
[EventDate "2021.08.19"]
[Round "1.74"]
[White "Kulkarni, Esha"]
[WhiteElo "1070"]
[WhiteTeam "Chess Challengers F"]
[Black "Mourat, Emil"]
[BlackElo "813"]
[BlackTeam "Desert Penguins Neptune"]
[Result "0-1"]
[PlyCount "80"]

1. e4 c5 2. Nf3 d6 3. Nc3 e6 4. Bc4 Nf6 5. d3 Nc6 6. h3 Be7 7. O-O O-O 8. Bf4 e5 9. Be3 a6 10. Qd2 b5 11. Bb3 Bb7 12. a3 Ne8 13. Nd5 Bf6 14. Nxf6+ Nxf6 15. c4 Na5 16. Bc2 bxc4 17. Rac1 cxd3 18. Bxd3 Nb3 19. Qc2 Nxc1 20. Qxc1 Rb8 21. b4 cxb4 22. axb4 Rc8 23. Qb1 d5 24. exd5 Bxd5 25. Bxa6 Rc7 26. Nxe5 Re8 27. Nf3 Be4 28. Qb3 Bxf3 29. gxf3 Nd5 30. Bd4 Qg5+ 31. Kh2 Qf4+ 32. Kg1 Qxd4 33. Bb5 Rf8 34. Rd1 Qe5 35. Rxd5 Qe1+ 36. Kg2 Re7 37. Rh5 Re6 38. Kh2 Qxf2+ 39. Kh1 Rg6 40. Rxh7 Qg2# 0-1

[Event "Junior Online 4NCL Division 4"]
[Site "online"]
[Date "2021.08.19"]
[EventDate "2021.08.19"]
[Round "1.75"]
[White "Moiseev, Mikhail"]
[WhiteElo "1070"]
[WhiteTeam "Chess Challengers F"]
[Black "Nikolov, Alexander"]
[BlackElo "1396"]
[BlackTeam "Desert Penguins Neptune"]
[Result "0-1"]
[PlyCount "116"]

1. e4 c5 2. Nc3 d6 3. Nf3 Nf6 4. d3 e6 5. Qe2 Be7 6. Bd2 O-O 7. Qe3 Nbd7 8. Be2 a6 9. O-O b5 10. a3 Bb7 11. e5 dxe5 12. Nxe5 Nxe5 13. Qxe5 Rc8 14. Qf4 Bd6 15. Qe3 Nd5 16. Nxd5 Bxd5 17. c4 Qh4 18. g3 Qf6 19. cxd5 exd5 20. Bg4 Rcd8 21. Qg5 Qxb2 22. Rfb1 Qc2 23. Ba5 Rde8 24. Qxd5 Be5 25. Rc1 Qa4 26. Bb6 Bxa1 27. Rxa1 Qxg4 28. Bxc5 Rd8 29. Qc6 Rfe8 30. Bb6 Rc8 31. Qd6 h6 32. Ba5 Qe6 33. Qxe6 Rxe6 34. Re1 Rxe1+ 35. Bxe1 Rc1 36. Kf1 Ra1 37. Ke2 Rxa3 38. Bb4 Ra4 39. Bd2 b4 40. d4 a5 41. d5 Kf8 42. d6 Ke8 43. Be3 Kd7 44. Bc5 Ra3 45. Kd2 Kc6 46. Kc2 Rc3+ 47. Kd2 Rxc5 48. d7 Kxd7 49. Kd3 Kd6 50. Kd4 b3 51. Kd3 b2 52. Kd4 b1=Q 53. Ke3 a4 54. Kd4 a3 55. f4 a2 56. f5 a1=Q+ 57. Ke3 Qc3+ 58. Kf4 Qbb4# 0-1

[Event "Junior Online 4NCL Division 4"]
[Site "online"]
[Date "2021.08.19"]
[EventDate "2021.08.19"]
[Round "1.76"]
[White "Donati Plutino, Francesco Rodolfo"]
[WhiteElo "1074"]
[WhiteTeam "Desert Penguins Neptune"]
[Black "Rapally, Meenakshi"]
[BlackElo "1080"]
[BlackTeam "Chess Challengers F"]
[Result "1-0"]
[PlyCount "67"]

1. d4 e6 2. c4 Nf6 3. Nc3 c6 4. Bf4 Na6 5. e3 d5 6. Nf3 Bd6 7. Ne5 O-O 8. Bd3 Rb8 9. O-O h6 10. Qe2 g5 11. Bg3 Re8 12. h3 Kf8 13. a3 Nd7 14. e4 f6 15. Ng6+ Kf7 16. Qh5 Kg7 17. Bxd6 Ra8 18. e5 c5 19. Nf4 Re7 20. Bxe7 Qxe7 21. Qg6+ Kf8 22. Qxh6+ Ke8 23. Qh8+ Nf8 24. Bg6+ Kd7 25. exf6 Qd8 26. Qg7+ Kd6 27. Nb5+ Kc6 28. Rae1 dxc4 29. a4 gxf4 30. Be4+ Kb6 31. Rd1 Ka5 32. dxc5 Qc7 33. Qxf8 Kxa4 34. Nc3+ 1-0

[Event "Junior Online 4NCL Division 4"]
[Site "online"]
[Date "2021.08.19"]
[EventDate "2021.08.19"]
[Round "1.78"]
[White "Mourat, Emil"]
[WhiteElo "813"]
[WhiteTeam "Desert Penguins Neptune"]
[Black "Kulkarni, Esha"]
[BlackElo "1070"]
[BlackTeam "Chess Challengers F"]
[Result "0-1"]
[PlyCount "58"]

1. d4 d5 2. c4 Nf6 3. Nc3 Nc6 4. Bg5 h6 5. Bh4 Bf5 6. Nf3 e6 7. e3 Bb4 8. Be2 O-O 9. O-O Bd6 10. h3 Qe7 11. Ne5 Nxe5 12. dxe5 Bxe5 13. f4 Bxc3 14. bxc3 e5 15. fxe5 Qxe5 16. Bg3 Qxg3 17. Rxf5 Qxe3+ 18. Kh1 Qxc3 19. cxd5 Rae8 20. Bb5 c6 21. Rc1 Qa3 22. dxc6 bxc6 23. Bxc6 Re2 24. Kh2 Rxa2 25. Rxf6 gxf6 26. Qg4+ Kh8 27. Qf5 Qxc1 28. Qxf6+ Kg8 29. Qxh6 Qxh6 0-1

[Event "Junior Online 4NCL Division 4"]
[Site "online"]
[Date "2021.08.19"]
[EventDate "2021.08.19"]
[Round "1.81"]
[White "Doughty, William"]
[WhiteElo "1256"]
[WhiteTeam "Wimbledon Juniors B"]
[Black "Fang, Moyao"]
[BlackElo "1367"]
[BlackTeam "London Dragons Beryllium"]
[Result "0-1"]
[PlyCount "30"]

1. e4 c5 2. a3 Nc6 3. b4 b6 4. Bb5 Bb7 5. Nf3 cxb4 6. axb4 Nxb4 7. c3 Nd3+ 8. Bxd3 a5 9. O-O d5 10. exd5 Qxd5 11. Be2 Nf6 12. d4 e6 13. c4 Qc6 14. Bf4 Bb4 15. Ne5 Qxg2# 0-1

[Event "Junior Online 4NCL Division 4"]
[Site "online"]
[Date "2021.08.19"]
[EventDate "2021.08.19"]
[Round "1.82"]
[White "Li, Harvey"]
[WhiteElo "1280"]
[WhiteTeam "London Dragons Beryllium"]
[Black "Kou, Edward"]
[BlackElo "962"]
[BlackTeam "Wimbledon Juniors B"]
[Result "0-1"]
[PlyCount "160"]

1. g3 d5 2. Bg2 c6 3. d3 Be6 4. Nf3 Nf6 5. O-O g6 6. Nbd2 Bg7 7. Re1 O-O 8. e4 Nbd7 9. e5 Ne8 10. Ng5 Bf5 11. e6 Bxe6 12. Nxe6 fxe6 13. Rxe6 Nc7 14. Re3 e5 15. c4 d4 16. Re4 Nc5 17. Rh4 Qf6 18. Qe2 Nxd3 19. Qxd3 Qxf2+ 20. Kh1 Rae8 21. Ne4 Qe1+ 22. Bf1 Rxf1+ 23. Kg2 Rg1+ 24. Kh3 Qf1+ 25. Qxf1 Rxf1 26. Kg2 Ref8 27. b3 Ne6 28. Bb2 Rxa1 29. Bxa1 Bf6 30. Rg4 Kg7 31. h4 h5 32. Nxf6 hxg4 33. Nxg4 g5 34. hxg5 Nxg5 35. Nxe5 Ne6 36. Nf3 c5 37. Ne5 b6 38. Bb2 Kf6 39. Nd7+ Kg5 40. Bc1+ Kg4 41. Nxf8 Nxf8 42. a3 Ng6 43. Bd2 a5 44. b4 axb4 45. axb4 Ne5 46. bxc5 bxc5 47. Kf2 Nxc4 48. Bc1 Ne5 49. Bf4 Nd3+ 50. Ke2 Nxf4+ 51. gxf4 Kxf4 52. Kd3 Ke5 53. Kd2 Ke4 54. Ke2 d3+ 55. Kd2 c4 56. Kd1 Ke3 57. Ke1 c3 58. Kd1 c2+ 59. Kc1 Ke2 60. Kb2 Kd2 61. Kb3 Kc1 62. Kc3 d2 63. Kd3 d1=N 64. Ke2 Nc3+ 65. Kd3 Kb2 66. Kd2 c1=Q+ 67. Kd3 Qd1+ 68. Kc4 Na4 69. Kb4 Nc5 70. Kxc5 Qd2 71. Kc4 Ka3 72. Kc5 Qd3 73. Kb6 Qc4 74. Ka5 Qb3 75. Ka6 Qb4 76. Ka7 Qb5 77. Ka8 Kb4 78. Ka7 Kc5 79. Ka8 Kc6 80. Ka7 Qb7# 0-1

[Event "Junior Online 4NCL Division 4"]
[Site "online"]
[Date "2021.08.19"]
[EventDate "2021.08.19"]
[Round "1.83"]
[White "Mold, Ernest"]
[WhiteElo "756"]
[WhiteTeam "Wimbledon Juniors B"]
[Black "Liu, Zhengzheng"]
[BlackElo "1290"]
[BlackTeam "London Dragons Beryllium"]
[Result "0-1"]
[PlyCount "126"]

1. e4 c5 2. Nf3 Nc6 3. Nc3 d6 4. h3 e5 5. Bc4 Be6 6. Bxe6 fxe6 7. d3 Nf6 8. Bg5 Be7 9. Qd2 O-O 10. O-O Nh5 11. Rae1 Nf4 12. Bxf4 exf4 13. d4 cxd4 14. Nxd4 Bg5 15. Nxc6 bxc6 16. f3 Qb6+ 17. Rf2 Bh4 18. Na4 Bxf2+ 19. Qxf2 Qxf2+ 20. Kxf2 Rad8 21. e5 d5 22. Nc5 Rfe8 23. Nb7 Rb8 24. Nd6 Re7 25. Rb1 a5 26. a4 g5 27. b3 Rb4 28. Nc8 Rc7 29. Nd6 Rd4 30. Kg1 Kf8 31. c3 Rd3 32. c4 Kg7 33. Ne8+ Kg6 34. Nxc7 dxc4 35. bxc4 Rc3 36. Nxe6 Rxc4 37. Nf8+ Kg7 38. Ne6+ Kg6 39. Nf8+ Kh6 40. e6 Rc3 41. Rb8 Re3 42. Rb6 c5 43. e7+ Kg7 44. Rb7 Kg8 45. Ng6 Kf7 46. Nh8+ Ke8 47. Kf2 Rxe7 48. Rxe7+ Kxe7 49. h4 gxh4 50. Kg1 c4 51. Kf1 Kf6 52. Ke2 Kg7 53. Kd2 Kxh8 54. Kc3 Kg7 55. Kxc4 Kg6 56. Kd4 Kg5 57. Ke4 h6 58. Ke5 h3 59. gxh3 Kh4 60. Kxf4 Kxh3 61. Kf5 h5 62. f4 h4 63. Kg5 Kg3 0-1